LEADER 01163nam--2200397---450- 001 990001444110203316 005 20050228102317.0 035 $a000144411 035 $aUSA01000144411 035 $a(ALEPH)000144411USA01 035 $a000144411 100 $a20040220d1972----km-y0itay0103----ba 101 0 $afre 102 $aFR 105 $aa|||||||001yy 200 1 $a<> Royaume-uni et la Republique d'Irlande$fClaude Chaline 210 $aParis$cPresses universitaires de France$d1972 215 $a274 p.$cill.$d18 cm 225 2 $aMagellan$v8 410 0$12001$aMagellan$v8 454 1$12001 461 1$1001-------$12001 607 $aGran Bretagna$xGeografia 607 $aIrlanda$xGeografia 676 $a914.1 700 1$aCHALINE,$bClaude$033527 801 0$aIT$bsalbc$gISBD 912 $a990001444110203316 951 $aIII.1. 434(I A coll 27/8)$b90681 L.M.$cI A coll 959 $aBK 969 $aUMA 979 $aSIAV5$b10$c20040220$lUSA01$h1711 979 $aPATRY$b90$c20040406$lUSA01$h1741 979 $aCOPAT2$b90$c20050228$lUSA01$h1023 996 $aRoyaume-Uni et la République d'Irlande$9756282 997 $aUNISA LEADER 02662oas 2200985 a 450 001 9910133994403321 005 20260218110041.0 011 $a2373-0498 035 $a(DE-599)ZDB2043617-8 035 $a(OCoLC)51869436 035 $a(CONSER) 2009268004 035 $a(CKB)110985822459790 035 $a(DE-599)2043617-8 035 $a(EXLCZ)99110985822459790 100 $a20030318a19969999 sy a 101 0 $aeng 135 $aurcn||||||||| 181 $ctxt$2rdacontent 182 $cc$2rdamedia 183 $acr$2rdacarrier 200 10$aColumbia journal of Asian law 210 $aNew York, NY $cColumbia University School of Law$d©1996- 300 $aRefereed/Peer-reviewed 311 08$a1094-8449 517 1 $aCJAL 517 1 $aJournal of Asian law 606 $aLaw$zAsia$vPeriodicals 606 $a86.00 law: general$3(NL-LeOCL)077607724$2bcl 606 $a86.10 history of law, law of different countries, areas and peoples$3(NL-LeOCL)077607821$2bcl 606 $aLaw$2fast$3(OCoLC)fst00993678 606 $aRecht$2gtt 606 $aChina$2pplt 606 $aAsia$2pplt 606 $aLaw$2pplt 606 $aDroit$2rasuqam 606 $aLAW$2unbist 606 $aASIA$2unbist 606 $aDroit$zAsie$vPe?riodiques 607 $aAsia$2fast$1https://id.oclc.org/worldcat/entity/E39PBJxMpyjKQ9Jtm3jkjPBgKd 607 $aAsie$2rasuqam 608 $aPeriodicals.$2fast 608 $aPeriodicals.$2lcgft 615 0$aLaw 615 7$a86.00 law: general. 615 7$a86.10 history of law, law of different countries, areas and peoples. 615 7$aLaw. 615 17$aRecht. 615 7$aChina. 615 7$aAsia. 615 7$aLaw. 615 7$aDroit. 615 17$aLAW. 615 17$aASIA. 615 6$aDroit 676 $a349 712 02$aColumbia University.$bSchool of Law. 712 02$aColumbia University.$bCenter for Chinese Legal Studies. 712 02$aColumbia University.$bCenter for Japanese Legal Studies. 712 02$aColumbia University.$bCenter for Korean Legal Studies. 801 0$bAMH 801 1$bAMH 801 2$bOCLCQ 801 2$bHUL 801 2$bRCJ 801 2$bTXJ 801 2$bNDO 801 2$bEMI 801 2$bOCLCQ 801 2$bDLC 801 2$bOCLCF 801 2$bOCLCQ 801 2$bVT2 801 2$bUUM 801 2$bGZL 801 2$bQGK 801 2$bDYJ 801 2$bOCLCQ 801 2$bUAB 801 2$bOCLCL 801 2$bWWL 801 2$bUEJ 906 $aJOURNAL 912 $a9910133994403321 996 $aColumbia journal of Asian law$91888008 997 $aUNINA